It looks like you're offline.
Open Library logo
additional options menu

MARC Record from Scriblio

Record ID marc_records_scriblio_net/part06.dat:18274174:712
Source Scriblio
Download Link /show-records/marc_records_scriblio_net/part06.dat:18274174:712?format=raw

LEADER: 00712cam 22002291 4500
001 67028480
003 DLC
005 20010829133634.0
008 741024m19671965ilu 000 1 engx
010 $a 67028480
035 $a(OCoLC)1051935
040 $aDLC$cTxShA$dOCoLC$dDLC
041 1 $aengjpn
050 00 $aPZ3.N216$bTh
100 1 $aNatsume, Sōseki,$d1867-1916.
245 14 $aThe three cornered world.$cTranslated by Alan Turney.
260 $aChicago,$bH. Regnery Co.$c[1967, c1965]
300 $a184 p.$c21 cm.
440 0 $aUNESCO collection of representative works: Japanese series
500 $aTranslation of Kusamakura (romanized form)
651 0 $aJapan$vFiction.
700 1 $aTurney, Alan,$etranslator.